| 000 | 00530nam a22001577a 4500 | ||
|---|---|---|---|
| 999 |
_c15651 _d15651 |
||
| 008 | 201015b ||||| |||| 00| 0 eng d | ||
| 020 | _a0-88011-807-5 (pbk) | ||
| 082 |
_21998 _aDC 796 _bH88 |
||
| 100 |
_aHanlon, Thomas _942355 |
||
| 245 |
_aThe sports rules book: _bessential rules for 54 sports/ _cThomas Hanlon |
||
| 260 |
_aIllinois: _bHuman Kinetics, _c©1998. |
||
| 300 |
_aix, 372 pages: _billustrations; _c28 cm. |
||
| 500 | _aIncludes bibliographical references. | ||
| 650 |
_aSports -- Rules. _942356 |
||
| 942 |
_2ddc _cDC |
||